000 00437nam a2200181Ia 4500
005 20250923144616.0
008 008 250917s9999 xx 000 0 eng d
037 _aPeriodicals
040 _aDSWL
_beng
_cDSWL
041 _aeng
_2eng
084 _qDSWL
245 0 _aChildren
260 _aWashington
_bU.S Govt. Printing Office
_c1957
300 _a240p.
490 _vVol. 4,1957
942 _cCR
999 _c1441119
_d1441119